| 000 | 00586nam a2200181Ia 4500 | ||
|---|---|---|---|
| 008 | 090123s9999 xx 000 0 und d | ||
| 082 |
_b34014 _a891.463/राऊत |
||
| 100 | _aराऊत शोभा | ||
| 245 | _aअबोल प्रीत बहरली | ||
| 250 | _a2 | ||
| 260 |
_bनिशीराज प्रकाशन _c2002 |
||
| 300 | _a272 | ||
| 600 | _aराऊत शोभा | ||
| 630 | _aअबोल प्रीत बहरली | ||
| 700 | _aराऊत शोभा | ||
| 730 | _aअबोल प्रीत बहरली | ||
| 942 | _cBOOK | ||
| 999 |
_c72064 _d72064 |
||